Animácie vybraných polovodičových štruktúr na báze kremíka ako súčasť elektronického vzdelávania

Enregistré dans:
Détails bibliographiques
Auteur principal: Radobický, Jozef (Auteur)
Autres auteurs: Stuchlíková, Ľubica, 1967- (Directeur de thèse), Csabay, Otto, 1937- (Directeur de thèse)
Format: Manuscrit Livre
Langue:slovaque
Publié: Bratislava : STU v Bratislave FEI, 2006
Sujets:
Tags: Ajouter un tag
Pas de tags, Soyez le premier à ajouter un tag!

MARC

LEADER 00000ntm a22000003a 4500
001 stu138515
005 20160719165026.2
008 070305s2006------------------------slo-d
040 |a STU  |b slo 
041 0 |a slo 
100 1 |a Radobický, Jozef  |4 aut 
245 1 |a Animácie vybraných polovodičových štruktúr na báze kremíka ako súčasť elektronického vzdelávania 
260 |a Bratislava :  |b STU v Bratislave FEI,  |c 2006 
300 |a 65 s 
650 7 |a elektronika  |2 stusub 
700 1 |a Stuchlíková, Ľubica,  |d 1967-  |4 ths  |u E030  |U FEI Fakulta elektrotechniky a informatiky  |T FEI Ústav elektroniky a fotoniky  |X 1997  |U E030  |Y 549  |7 A000001997 
700 1 |a Csabay, Otto,  |d 1937-  |4 ths  |u E210  |U FEI Fakulta elektrotechniky a informatiky  |T FEI Katedra mikroelektroniky  |X 3574  |U E210  |Y 68  |7 A000003574